Οι 10 Μεγαλύτερες Σε Πλυθησμό Ευρωπαϊκές Χώρες - Statistics

General Stats
  • This quiz has been taken 120 times
  • The average score is 9 of 10
Answer Stats
Πλυθησμός Χώρα % Correct
66.6 εκατ. Γαλλία
100%
111 εκατ. Ρωσία
99%
84.5 εκατ. Γερμανία
99%
47.9 εκατ. Ισπανία
98%
59.3 εκατ. Ιταλία
92%
69.5 εκατ. Ηνωμένο Βασίλειο
88%
38.0 εκατ. Ουκρανία
88%
38.5 εκατ. Πολωνία
83%
19.0 εκατ. Ρουμανία
76%
18.4 εκατ. Ολλανδία
60%
No matching quizzes found
Score Distribution
Percent of People with Each Score
Percentile by Number Answered
Your Score History
You have not taken this quiz